Probate and administration in Singapore and Malaysia : law and practice

Bibliographic Details
Main Author: Raman, G. (Author)
Format: Book
Published: Singapore Kuala Lumpur : Malayan Law Journal , 1991
Subjects:

MARC

LEADER 00000cam a2200000 7i4500
001 0000008999
005 20140703093000.0
008 021119s1991
020 |a 0409996025 
050 0 0 |a d56 KPG780   |b .R36 1991 
090 0 0 |a d56 KPG780   |b .R36 1991 
100 1 |a Raman, G. ,   |e author 
245 1 0 |a Probate and administration in Singapore and Malaysia :   |b law and practice   |c G. Raman. 
260 |a Singapore   |a Kuala Lumpur :   |b Malayan Law Journal ,   |c 1991 
300 |a xvi, 201 p. ;   |c 25 cm. 
500 |a Includes index 
650 0 |a Inheritance and succession (Islamic law) 
650 0 |a Probate law and practice   |z Malaysia 
650 0 |a Probate law and practice   |z Singapore 
999 |a 1000014513   |b Book   |c OPEN SHELF (30 DAYS)   |e Gong Badak Campus 
999 |a 1000014514   |b Book   |c OPEN SHELF (30 DAYS)   |e Gong Badak Campus